Sampling methods in soybean entomology (Record no. 35580)

MARC details
000 -LEADER
fixed length control field 00399nam a2200145Ia 4500
082 ## - DEWEY DECIMAL CLASSIFICATION NUMBER
Classification number 595.7:633.34
Item number KOG
100 ## - MAIN ENTRY--AUTHOR NAME
Personal name HERZOG, D C
245 #0 - TITLE STATEMENT
Title Sampling methods in soybean entomology
260 ## - PUBLICATION, DISTRIBUTION, ETC. (IMPRINT)
Place of publication Berlin
Name of publisher Springer Verlag
Year of publication 1980
490 ## - SERIES STATEMENT
Series statement Springer series in experimental entomology
650 ## - SUBJECT ADDED ENTRY--TOPICAL TERM
Topical Term Soybean
700 ## - ADDED ENTRY--PERSONAL NAME
Personal name KOGAN, M
942 ## - ADDED ENTRY ELEMENTS (KOHA)
Koha item type Books
Holdings
Withdrawn status Lost status Damaged status Not for loan Home library Current library Date acquired Full call number Accession Number Koha item type
        RRII Library RRII Library 16/12/2021 595.7:633.34 KOG 16003 Books